Países do Rio Mekong em um mapa vazio - Statistics

Estatísticas Gerais
  • Esse quiz foi jogado 155 vezes
  • A pontuação média é 6 de 6
Respostas no mapa
Respostas codificadas por cores de uma escala verde-vermelha no mapa do quiz de acordo com a % correta abaixo.
 
Estatísticas das Respostas
país % Correto
China
98%
Vietname
98%
Camboja
96%
Laos
96%
Birmânia
95%
Tailândia
95%
Nenhum quiz correspondente encontrado
Distribuição das Pontuações
Porcentagem de Pessoas com Cada Pontuação
Percentil de Números Respondidos
Sua Pontuação Histórica
Você não jogou esse quiz